| 000 -LEADER |
| fixed length control field |
00683cam a2200205 a 4500 |
| 020 ## - INTERNATIONAL STANDARD BOOK NUMBER |
| ISBN |
0521433339 (hardback) |
| 040 ## - CATALOGING SOURCE |
| Transcribing agency |
DLC |
| 082 00 - DEWEY DECIMAL CLASSIFICATION NUMBER |
| Classification number |
930 CUP 1993 C146 Or. |
| 245 00 - TITLE STATEMENT |
| Title |
Abandonment of settlements and regions : |
| Remainder of title |
ethnoarchaeological and archaeological approaches / |
| 260 ## - PUBLICATION, DISTRIBUTION, ETC. (IMPRINT) |
| Place of publication |
Cambridge ; |
| -- |
New York : |
| Name of publisher |
Cambridge University Press, |
| Year of publication |
1993 |
| 300 ## - PHYSICAL DESCRIPTION |
| Number of Pages |
xv, 201 p. : |
| Other physical details |
ill., maps ; |
| Dimensions |
26 cm |
| 490 1# - SERIES STATEMENT |
| Series statement |
New directions in archaeology |
| 650 #0 - SUBJECT ADDED ENTRY--TOPICAL TERM |
| Topical Term |
Ethnoarchaeology |
| 650 #0 - SUBJECT ADDED ENTRY--TOPICAL TERM |
| Topical Term |
Excavations (Archaeology) |
| 650 #0 - SUBJECT ADDED ENTRY--TOPICAL TERM |
| Topical Term |
Land settlement |
| 650 #0 - SUBJECT ADDED ENTRY--TOPICAL TERM |
| Topical Term |
Land settlement patterns, Prehistoric |
| 700 1# - ADDED ENTRY--PERSONAL NAME |
| Personal name |
Cameron, Catherine M |
| 700 1# - ADDED ENTRY--PERSONAL NAME |
| Personal name |
Tomka, Steve A |
| 942 ## - ADDED ENTRY ELEMENTS (KOHA) |
| Koha item type |
ADB |
| 952 ## - LOCATION AND ITEM INFORMATION (KOHA) |
| Withdrawn status [LOCAL, KOHA] |
0 |